Guess the Louis Tomlinson song with no hints #14 - Statistics

General Stats
  • This quiz has been taken 35 times
  • The average score is 194 of 278
Answer Stats
Answer % Correct
a
100%
Do
100%
I
100%
the
100%
me
96%
When
96%
when
96%
you
96%
And
92%
and
92%
to
92%
you're
88%
don't
83%
it
83%
my
83%
so
83%
So
83%
know
79%
on,
79%
it's
75%
It's
75%
like
75%
of
75%
ever
71%
How
71%
I've
71%
that
71%
why
71%
why?
71%
All
67%
all
67%
bigger
67%
hear
67%
Hear
67%
Is
67%
just
67%
Ooh,
67%
than
67%
But
63%
not
63%
outside,
63%
outside
63%
them
63%
told
63%
was
63%
world
63%
would
63%
Yeah,
63%
yeah,
63%
Cause
58%
Cause,
58%
cause
58%
change
58%
from
58%
night
58%
Now
58%
up
58%
anymore
54%
at
54%
does
54%
realize
54%
sleep
54%
somebody
54%
these
54%
used
54%
voices,
54%
ask
50%
behind
50%
choices
50%
come
50%
didn't
50%
hide
50%
smile
50%
afraid,
46%
feel
46%
those
46%
black
42%
different
42%
everybody
42%
white
42%
woken
42%
call
38%
changed
38%
left
38%
realized
38%
took
38%
Tryna
38%
judge
33%
make
33%
right
33%
Walkin'
33%
liar
29%
lines
29%
mighta
29%
quick
29%
alive
25%
read
25%
signs
25%
No matching quizzes found
Score Distribution
Percent of People with Each Score
Percentile by Number Answered
Your Score History
You have not taken this quiz